[Event "Titled Tuesday intern op 16th Apr Late"]
[Site "Chess.com INT"]
[Date "2024.04.16"]
[Round "2"]
[White "Rodgers, Jack"]
[Black "Fayard, Alain"]
[Result "0-1"]
[WhiteElo "2043"]
[BlackElo "2127"]
[PlyCount "94"]
[EventDate "2024.04.16"]
[EventType "swiss (blitz)"]
[EventRounds "11"]
[EventCountry "USA"]
[SourceTitle "CB17_2024"]
[SourceDate "2024.04.24"]
[SourceVersion "1"]
[SourceVersionDate "2024.04.24"]
[SourceQuality "1"]

1. d4 d5 2. Bg5 Nd7 3. e3 Ngf6 4. Nd2 e6 5. Ngf3 Be7 6. Bd3 c5 7. c3 Qb6 8. Rb1 cxd4 9. exd4 0-0 10. 0-0 h6 11. Bxf6 Nxf6 12. Ne5 Nd7 13. f4 Nxe5 14. fxe5 f6 15. exf6 Bxf6 16. Nf3 e5 17. Be2 e4 18. Ne1 Bd7 19. Nc2 Bg5 20. g3 Rxf1+ 21. Kxf1 Bh3+ 22. Kg1 Rf8 23. Nb4 Qf6 24. Qe1 Be3+ 25. Kh1 Qf2 26. Qxf2 Rxf2 27. Nxd5 Rxe2 28. Nxe3 Rxe3 29. Rd1 Re2 30. d5 Kf8 31. c4 Ke7 32. b4 Rxa2 33. c5 e3 34. Re1 e2 35. Kg1 Rd2 36. d6+ Kd7 37. Kf2 Bf1 38. b5 Rd5 39. Rc1 Rd1 40. c6+ Kxd6 41. cxb7 e1Q+ 42. Kf3 Qe2+ 43. Kf4 Rd4+ 44. Kf5 Qe5+ 45. Kg6 Bd3+ 46. Kf7 Qe7+ 47. Kg8 Qxb7 0-1

[Event "Titled Tuesday intern op 27th Feb Late"]
[Site "Chess.com INT"]
[Date "2024.02.27"]
[Round "8"]
[White "Rodgers, Jack"]
[Black "Yuan, Qingyu"]
[Result "1/2-1/2"]
[WhiteElo "2043"]
[BlackElo "2360"]
[PlyCount "165"]
[EventDate "2024.02.27"]
[EventType "swiss (blitz)"]
[EventRounds "11"]
[EventCountry "USA"]
[SourceTitle "CB10_2024"]
[SourceDate "2024.03.06"]
[SourceVersion "1"]
[SourceVersionDate "2024.03.06"]
[SourceQuality "1"]

1. d4 d5 2. Bg5 c5 3. dxc5 h6 4. Bh4 g5 5. Bg3 Bg7 6. c3 Na6 7. e4 dxe4 8. Qxd8+ Kxd8 9. Bxa6 bxa6 10. Nd2 f5 11. 0-0-0 f4 12. Nxe4+ Kc7 13. h4 fxg3 14. hxg5 gxf2 15. Nf3 hxg5 16. Rxh8 Bxh8 17. Nfxg5 Be5 18. Rf1 Bf4+ 19. Kc2 Be3 20. Kd3 Bxg5 21. Nxg5 Bf5+ 22. Ke2 Nf6 23. Rxf2 Bd7 24. Nf3 a5 25. Nd4 Rg8 26. Kd3 Bc6 27. Re2 Nd5 28. Kc4 Rxg2 29. b4 Rxe2 30. Nxe2 Ne3+ 31. Kd3 Nd5 32. Kc4 axb4 33. cxb4 Ne3+ 34. Kd3 Nf5 35. Nc3 e5 36. a4 Bg2 37. b5 Nd4 38. Kc4 Nc2 39. a5 e4 40. Nd5+ Kd7 41. b6 axb6 42. axb6 Kc6 43. Ne7+ Kb7 44. Kb5 Bf1+ 45. Ka5 Nd4 46. Nd5 Bc4 47. Ne3 Nc6+ 48. Ka4 Bd3 49. Nd5 Nd4 50. Kb4 Kc6 51. Ne7+ Kb7 52. Nd5 Nf5 53. Ka5 e3 54. Nb4 Bc4 55. c6+ Kb8 56. c7+ Kb7 57. Nc2 e2 58. Ne1 Nd6 59. Nf3 Bd3 60. Ne1 Be4 61. Kb4 Kxb6 62. c8Q Nxc8 63. Kc3 Bf5 64. Kd2 Bg4 65. Nc2 Nd6 66. Nd4 Nc4+ 67. Ke1 Kc5 68. Nxe2 Kd5 69. Kf2 Ke4 70. Ng3+ Kf4 71. Ne2+ Ke4 72. Ng3+ Kd3 73. Nf1 Bh5 74. Ng3 Bf7 75. Kf3 Bd5+ 76. Kf4 Ne3 77. Nf5 Nc4 78. Ng3 Kd4 79. Nf5+ Kc5 80. Ng3 Bb7 81. Nf5 Kd5 82. Ne3+ Kd4 83. Nxc4 1/2-1/2

[Event "Titled Tuesday intern op 27th Feb Late"]
[Site "Chess.com INT"]
[Date "2024.02.27"]
[Round "1"]
[White "Terry, Renato"]
[Black "Rodgers, Jack"]
[Result "1-0"]
[WhiteElo "2522"]
[BlackElo "2043"]
[PlyCount "133"]
[EventDate "2024.02.27"]
[EventType "swiss (blitz)"]
[EventRounds "11"]
[EventCountry "USA"]
[SourceTitle "CB10_2024"]
[SourceDate "2024.03.06"]
[SourceVersion "1"]
[SourceVersionDate "2024.03.06"]
[SourceQuality "1"]

1. Nf3 c5 2. g3 g6 3. Bg2 Bg7 4. 0-0 Nf6 5. d3 0-0 6. e4 d6 7. Nbd2 Nc6 8. Re1 Bg4 9. h3 Bxf3 10. Nxf3 Rc8 11. a4 a6 12. c3 b5 13. axb5 axb5 14. Bg5 b4 15. Qd2 bxc3 16. bxc3 Re8 17. Ra6 Nb8 18. Ra3 Nc6 19. Rea1 Qb6 20. Qc2 h6 21. Be3 Qc7 22. Nd2 Nd7 23. Kh2 Nb6 24. h4 Ra8 25. f4 Rxa3 26. Rxa3 Rb8 27. h5 Nd7 28. hxg6 fxg6 29. d4 cxd4 30. cxd4 Qb6 31. e5 Nb4 32. Qxg6 Nf8 33. Qb1 Qd8 34. Rb3 Na6 35. Rxb8 Nxb8 36. Nf3 Nbd7 37. Nh4 Qb6 38. Qd3 Qb2 39. Nf5 Kf7 40. Qd1 dxe5 41. dxe5 e6 42. Qh5+ Kg8 43. Nxh6+ Bxh6 44. Qxh6 Qc2 45. Qg5+ Qg6 46. Qxg6+ Nxg6 47. Be4 Ngf8 48. Kh3 Kf7 49. Kg4 Nb8 50. Kh5 Na6 51. g4 Nb4 52. Bc5 Na6 53. Bd6 Nd7 54. g5 Nac5 55. Bc6 Kg7 56. Kg4 Kf7 57. Kf3 Ke8 58. Bxc5 Kf7 59. Bxd7 Kg6 60. Bxe6 Kh7 61. Kg4 Kg7 62. f5 Kh7 63. f6 Kg6 64. Bf5+ Kf7 65. e6+ Kg8 66. f7+ Kg7 67. f8Q# 1-0

[Event "Titled Tuesday intern op 13th Feb Late"]
[Site "Chess.com INT"]
[Date "2024.02.13"]
[Round "3"]
[White "Jaracz, Pawel"]
[Black "Rodgers, Jack"]
[Result "0-1"]
[WhiteElo "2478"]
[BlackElo "2043"]
[PlyCount "78"]
[EventDate "2024.02.13"]
[EventType "swiss (blitz)"]
[EventRounds "11"]
[EventCountry "USA"]
[SourceTitle "CB08_2024"]
[SourceDate "2024.02.21"]
[SourceVersion "1"]
[SourceVersionDate "2024.02.21"]
[SourceQuality "1"]

1. d4 Nf6 2. c4 c5 3. d5 e5 4. Nc3 d6 5. e4 Be7 6. g3 h5 7. Bh3 Nbd7 8. Nf3 a6 9. a4 b6 10. Qc2 Ng4 11. Ng1 Bg5 12. f3 Bxc1 13. Qxc1 Ngf6 14. Nge2 h4 15. Qg5 Kf8 16. 0-0-0 Rh5 17. Qe3 b5 18. axb5 axb5 19. Nxb5 Ba6 20. Nec3 Bxb5 21. Nxb5 Ra1+ 22. Kc2 Rxd1 23. Kxd1 Qa5 24. g4 Rh8 25. g5 Nb6 26. gxf6 Nxc4 27. fxg7+ Kxg7 28. Rg1+ Kf8 29. Qg5 Qa1+ 30. Qc1 Qa4+ 31. Ke2 Qxb5 32. Kf2 Nxb2 33. Bf1 c4 34. Qe3 h3 35. Be2 Nd3+ 36. Bxd3 cxd3 37. Rd1 Rg8 38. Qxd3 Rg2+ 39. Kf1 Qc5 0-1

[Event "Titled Tuesday intern op 13th Feb Late"]
[Site "Chess.com INT"]
[Date "2024.02.13"]
[Round "4"]
[White "Rodgers, Jack"]
[Black "Herrera Reyes, Jose Antonio"]
[Result "0-1"]
[WhiteElo "2043"]
[BlackElo "2347"]
[PlyCount "65"]
[EventDate "2024.02.13"]
[EventType "swiss (blitz)"]
[EventRounds "11"]
[EventCountry "USA"]
[SourceTitle "CB08_2024"]
[SourceDate "2024.02.21"]
[SourceVersion "1"]
[SourceVersionDate "2024.02.21"]
[SourceQuality "1"]

1. d4 Nf6 2. Bg5 c5 3. d5 g6 4. Nc3 Bg7 5. e4 0-0 6. Nf3 d6 7. Be2 b5 8. Bxf6 Bxf6 9. Bxb5 Qa5 10. Be2 Bxc3+ 11. bxc3 Qxc3+ 12. Nd2 Na6 13. a3 Rb8 14. 0-0 Nc7 15. f4 Rb2 16. Rc1 Nb5 17. Bxb5 Rxb5 18. Rf3 Qd4+ 19. Kh1 Bg4 20. Qe1 Bxf3 21. Nxf3 Qb2 22. a4 Rb4 23. h4 Rfb8 24. Kh2 Rxa4 25. e5 Rxf4 26. exd6 exd6 27. Ra1 Qxc2 28. Qe3 Rb2 29. Rg1 Qe4 30. Qa3 Rf2 31. Kh3 R4xf3+ 32. gxf3 Rxf3+ 33. Rg3 0-1

[Event "Titled Tuesday intern op 13th Feb Late"]
[Site "Chess.com INT"]
[Date "2024.02.13"]
[Round "1"]
[White "Tari, Aryan"]
[Black "Rodgers, Jack"]
[Result "1-0"]
[WhiteElo "2635"]
[BlackElo "2043"]
[PlyCount "75"]
[EventDate "2024.02.13"]
[EventType "swiss (blitz)"]
[EventRounds "11"]
[EventCountry "USA"]
[SourceTitle "CB08_2024"]
[SourceDate "2024.02.21"]
[SourceVersion "1"]
[SourceVersionDate "2024.02.21"]
[SourceQuality "1"]

1. d4 Nf6 2. Bf4 c5 3. e3 e6 4. Nf3 Nc6 5. c3 b6 6. h3 Bb7 7. Nbd2 Be7 8. Be2 0-0 9. 0-0 d6 10. Bh2 Re8 11. a4 a6 12. Bd3 Bf8 13. e4 e5 14. d5 Ne7 15. b4 Ng6 16. bxc5 bxc5 17. a5 Bc8 18. Nc4 Bd7 19. Nb6 Ra7 20. Qe2 Bc8 21. Nd2 h6 22. Rfb1 Nh7 23. Nxc8 Qxc8 24. Rb6 Ng5 25. Bxa6 Nxh3+ 26. gxh3 Qxh3 27. Qf3 Qd7 28. Bb5 Qd8 29. Bxe8 Qxe8 30. Bg3 Qd8 31. Nc4 Be7 32. Rab1 Kh7 33. Qf5 Bh4 34. Rxd6 Qe7 35. Rbb6 Bxg3 36. Rxg6 Bxf2+ 37. Kxf2 Qh4+ 38. Kg2 1-0

[Event "Titled Tuesday intern op 06th Feb Late"]
[Site "Chess.com INT"]
[Date "2024.02.06"]
[Round "7"]
[White "Rodgers, Jack"]
[Black "Maltsevskaya, Aleksandra"]
[Result "0-1"]
[WhiteElo "2043"]
[BlackElo "2374"]
[PlyCount "176"]
[EventDate "2024.02.06"]
[EventType "swiss (blitz)"]
[EventRounds "11"]
[EventCountry "USA"]
[SourceTitle "CB07_2024"]
[SourceDate "2024.02.14"]
[SourceVersion "1"]
[SourceVersionDate "2024.02.14"]
[SourceQuality "1"]

1. d4 Nf6 2. Bg5 Ne4 3. h4 c5 4. dxc5 g6 5. Nd2 Nxc5 6. h5 Nc6 7. e3 Bg7 8. hxg6 hxg6 9. Rxh8+ Bxh8 10. c3 d6 11. Ngf3 Bf5 12. Nb3 Qb6 13. Nfd4 Bd7 14. Be2 Ne4 15. Bh6 0-0-0 16. Bf3 Nc5 17. Bg5 Bg7 18. Nxc6 Bxc6 19. Bxe7 Rh8 20. Kd2 Ne6 21. Kc2 Bxf3 22. Qxf3 f5 23. Qd5 Kd7 24. Bxd6 Qxd6 25. Qb5+ Qc6 26. Rd1+ Kc8 27. Qb4 Qxg2 28. Qc4+ Qc6 29. Qb4 Qe4+ 30. Kc1 Qxb4 31. cxb4 Rd8 32. Rg1 g5 33. Na5 g4 34. Nb3 Bh6 35. Kc2 Bg5 36. Nc1 Kd7 37. Nd3 Kd6 38. a3 b6 39. Kd2 Ke7 40. Ke2 Kf6 41. Rh1 f4 42. Rh7 f3+ 43. Kd2 g3 44. fxg3 Nd4 45. Rh1 Nf5 46. Kc3 Nxe3 47. g4 Nxg4 48. Rf1 Ne5 49. Nxe5 Kxe5 50. Rxf3 Ke4 51. Rf1 Be3 52. Kb3 a6 53. Rh1 Rd3+ 54. Ka2 Rd2 55. Rb1 Bd4 56. Kb3 Kd3 57. a4 b5 58. axb5 axb5 59. Ka3 Kc4 60. Rc1+ Kd3 61. Rb1 Rc2 62. Kb3 Re2 63. Rd1+ Ke4 64. Rb1 Kd5 65. Ka3 Rd2 66. Kb3 Rd3+ 67. Ka2 Kc4 68. Rc1+ Kxb4 69. Rc2 Re3 70. Rd2 Be5 71. Rd5 Re2 72. Kb1 Rxb2+ 73. Kc1 Re2 74. Kd1 Re4 75. Kc2 Kc4 76. Rd8 Bd4 77. Rc8+ Bc5 78. Rd8 b4 79. Kb1 b3 80. Rd1 Bd4 81. Rc1+ Bc3 82. Rh1 Re1+ 83. Rxe1 Bxe1 84. Kb2 Bc3+ 85. Kb1 Kb4 86. Kc1 Ka3 87. Kb1 Bd4 88. Kc1 Ka2 0-1

[Event "Titled Tuesday intern op 23rd Jan Late"]
[Site "Chess.com INT"]
[Date "2024.01.23"]
[Round "1"]
[White "Rodgers, Jack"]
[Black "Bazzano, Sebastian"]
[Result "1-0"]
[WhiteElo "2059"]
[BlackElo "2288"]
[PlyCount "99"]
[EventDate "2024.01.23"]
[EventType "swiss (blitz)"]
[EventRounds "11"]
[EventCountry "USA"]
[SourceTitle "CB05_2024"]
[SourceDate "2024.01.31"]
[SourceVersion "1"]
[SourceVersionDate "2024.01.31"]
[SourceQuality "1"]

1. d4 Nf6 2. Bg5 Ne4 3. h4 d5 4. Nd2 Nxd2 5. Bxd2 e6 6. e3 c5 7. dxc5 Bxc5 8. Bc3 0-0 9. Bd3 Nc6 10. Nf3 Bb4 11. Bxh7+ Kxh7 12. Ng5+ Kg6 13. Qg4 Bxc3+ 14. bxc3 f5 15. Qg3 Kh6 16. 0-0 Qf6 17. Rab1 f4 18. exf4 Qxf4 19. Qd3 Qf5 20. Qd2 Qf4 21. Qd3 Qf5 22. Qe3 Qf4 23. Qc5 Ne5 24. Nh3 Qf5 25. Rfe1 b6 26. Qe3+ Kh7 27. Ng5+ Kg8 28. Qxe5 Qxe5 29. Rxe5 Re8 30. Rbe1 Bd7 31. Nxe6 Bxe6 32. Rxe6 Rxe6 33. Rxe6 Rc8 34. Re7 Rxc3 35. Rxa7 Rxc2 36. a4 d4 37. Rd7 Ra2 38. Rxd4 Kf7 39. g3 Kf6 40. Rb4 Ke5 41. Rxb6 Rxa4 42. Rg6 Ra7 43. Kg2 Kf5 44. h5 Re7 45. g4+ Kf4 46. Kh3 Kf3 47. Kh4 Kxf2 48. g5 Re4+ 49. Kh3 Re3+ 50. Kh2 1-0

[Event "AUS-ch"]
[Site "Adelaide"]
[Date "2024.01.09"]
[Round "9"]
[White "Rodgers, Jack"]
[Black "Soo, Kai Jie"]
[Result "0-1"]
[WhiteElo "2059"]
[BlackElo "2058"]
[PlyCount "188"]
[EventDate "2024.01.02"]
[EventType "swiss"]
[EventRounds "11"]
[EventCountry "AUS"]
[SourceTitle "CB03_2024"]
[SourceDate "2024.01.17"]
[SourceVersion "1"]
[SourceVersionDate "2024.01.17"]
[SourceQuality "1"]

1. d4 Nf6 2. Bg5 d5 3. Bxf6 exf6 4. e3 c6 5. g3 Qb6 6. b3 h5 7. h4 a5 8. a3 Bf5 9. Bd3 Bxd3 10. Qxd3 g6 11. e4 dxe4 12. Qxe4+ Be7 13. Nf3 Qc7 14. 0-0 0-0 15. c4 Nd7 16. Re1 Rae8 17. Nbd2 Qb8 18. Qd3 f5 19. Ne5 Nxe5 20. dxe5 Bc5 21. Nf3 Re7 22. Qd2 Qd8 23. Qh6 f6 24. exf6 Rxf6 25. Rxe7 Qxe7 26. b4 Qf8 27. Qxf8+ Bxf8 28. bxa5 f4 29. Kg2 fxg3 30. fxg3 Rf5 31. Rb1 Rxa5 32. Rxb7 Rxa3 33. Rb6 Ra2+ 34. Kh3 Ra3 35. Ng5 Bd6 36. Ne4 Be5 37. Rxc6 Re3 38. Rxg6+ Kf7 39. Rg5 Rxe4 40. Rxh5 Re3 41. Rg5 Kf6 42. Rg8 Rc3 43. h5 Rxc4 44. h6 Rc1 45. Kg2 Rc7 46. Kf3 Rh7 47. Ra8 Bd6 48. Ra6 Ke6 49. g4 Rxh6 50. g5 Rh4 51. Ra5 Be5 52. g6 Rf4+ 53. Ke3 Rg4 54. Kf3 Rxg6 55. Ra6+ Bd6 56. Ra5 Rg3+ 57. Ke4 Rg4+ 58. Kf3 Rc4 59. Ke3 Bc5+ 60. Kf3 Kf5 61. Ra8 Rc3+ 62. Ke2 Bd4 63. Re8 Rb3 64. Rf8+ Ke4 65. Re8+ Be5 66. Rd8 Rb7 67. Rd2 Rg7 68. Kd1 Bf4 69. Rd8 Rg2 70. Re8+ Kf3 71. Rd8 Bg5 72. Rf8+ Ke4 73. Ke1 Be3 74. Re8+ Kd3 75. Rf8 Rg1+ 76. Rf1 Rg3 77. Rf8 Bc5 78. Rf6 Rg5 79. Rf3+ Be3 80. Rf8 Rg4 81. Rf7 Rb4 82. Kf1 Rg4 83. Ke1 Re4 84. Kf1 Kd2 85. Rf8 Rg4 86. Rg8 Rf4+ 87. Kg2 Ke2 88. Ra8 Rg4+ 89. Kh3 Kf3 90. Rf8+ Bf4 91. Ra8 Rg5 92. Ra3+ Be3 93. Kh4 Rb5 94. Ra4 Bf2+ 0-1

[Event "AUS-ch"]
[Site "Adelaide"]
[Date "2024.01.05"]
[Round "6"]
[White "Hernandez Mendez, Iker"]
[Black "Rodgers, Jack"]
[Result "0-1"]
[WhiteElo "1834"]
[BlackElo "2059"]
[PlyCount "100"]
[EventDate "2024.01.02"]
[EventType "swiss"]
[EventRounds "11"]
[EventCountry "AUS"]
[SourceTitle "CB03_2024"]
[SourceDate "2024.01.17"]
[SourceVersion "1"]
[SourceVersionDate "2024.01.17"]
[SourceQuality "1"]

1. e4 c5 2. Nf3 g6 3. c3 Bg7 4. d4 cxd4 5. cxd4 d5 6. e5 Bg4 7. Bb5+ Nd7 8. Nbd2 e6 9. 0-0 a6 10. Be2 Ne7 11. h3 Bxf3 12. Nxf3 0-0 13. Re1 Rc8 14. Bf4 Nc6 15. Qd2 f6 16. exf6 Bxf6 17. Bf1 Re8 18. Rac1 Qb6 19. Be3 Be7 20. Red1 Bb4 21. Qd3 Bd6 22. Qb1 Qd8 23. Bg5 Be7 24. Bxe7 Qxe7 25. Rc3 Nf6 26. Re3 Nh5 27. g3 Qf6 28. Ne5 Nxe5 29. Rxe5 Rc6 30. Rc1 Rf8 31. Rc2 Rxc2 32. Qxc2 Nxg3 33. Bg2 Nf5 34. Qc3 Ng7 35. Re2 Nh5 36. Rc2 Nf4 37. Bf1 Kg7 38. Qe3 Rf7 39. Rc8 Qg5+ 40. Kh2 Qf5 41. Rc1 g5 42. Bg2 Ng6 43. Kg1 h5 44. Re1 Nf4 45. Rc1 Qf6 46. Kf1 Ng6 47. Rc2 Qf5 48. Qd2 Nf4 49. Qc3 h4 50. Rd2 Qb1+ 0-1

[Event "AUS-ch"]
[Site "Adelaide"]
[Date "2024.01.04"]
[Round "4"]
[White "Rice, Leah"]
[Black "Rodgers, Jack"]
[Result "1-0"]
[WhiteElo "1525"]
[BlackElo "2059"]
[PlyCount "152"]
[EventDate "2024.01.02"]
[EventType "swiss"]
[EventRounds "11"]
[EventCountry "AUS"]
[SourceTitle "CB03_2024"]
[SourceDate "2024.01.17"]
[SourceVersion "1"]
[SourceVersionDate "2024.01.17"]
[SourceQuality "1"]

1. d4 g6 2. c4 Bg7 3. Nc3 c5 4. d5 d6 5. e4 Nf6 6. Nf3 0-0 7. Be2 a6 8. 0-0 b5 9. cxb5 axb5 10. Bxb5 Ba6 11. Bxa6 Nxa6 12. Be3 Qa5 13. Nd2 Rfb8 14. Nc4 Qb4 15. Qe2 Nd7 16. Bd2 Ne5 17. Nxe5 Bxe5 18. Rab1 c4 19. Rfc1 Nc5 20. Nd1 Qb5 21. Qxc4 Qxc4 22. Rxc4 Rxa2 23. Be3 Bxb2 24. Bxc5 dxc5 25. Rxc5 Rba8 26. Rc2 Bd4 27. Rxa2 Rxa2 28. Kf1 Kg7 29. Rb4 Bc5 30. Rc4 Bd6 31. g3 h5 32. Ne3 h4 33. Kg2 h3+ 34. Kf3 Bb8 35. Rc2 Ra4 36. Nc4 f5 37. e5 g5 38. d6 exd6 39. exd6 Kf6 40. d7 Bc7 41. Ne3 Bd8 42. Rc6+ Ke7 43. Nxf5+ Kxd7 44. Rd6+ Kc8 45. Rd4 Ra2 46. Nd6+ Kb8 47. Ne4 Bb6 48. Rd2 Ra3+ 49. Kg4 Ra4 50. f3 Ra3 51. Nxg5 Be3 52. Rb2+ Kc7 53. Ne4 Bd4 54. Rc2+ Kb6 55. Nd2 Ra8 56. Kxh3 Re8 57. Nc4+ Kc5 58. Ne3+ Kb5 59. Nf5 Bc5 60. g4 Kc6 61. Kg3 Kd5 62. Rd2+ Kc6 63. h4 Re1 64. h5 Bb4 65. Rc2+ Kd5 66. h6 Rh1 67. Rh2 Rg1+ 68. Kh4 Bc3 69. Kg5 Ke6 70. Re2+ Kf7 71. Re7+ Kf8 72. Rc7 Be5 73. h7 Rh1 74. Rc8+ Kf7 75. Nh6+ Ke6 76. Re8+ Kd5 1-0

[Event "AUS-ch"]
[Site "Adelaide"]
[Date "2024.01.03"]
[Round "3"]
[White "Rodgers, Jack"]
[Black "Lane, Gary William"]
[Result "1/2-1/2"]
[WhiteElo "2059"]
[BlackElo "2342"]
[PlyCount "60"]
[EventDate "2024.01.02"]
[EventType "swiss"]
[EventRounds "11"]
[EventCountry "AUS"]
[SourceTitle "CB03_2024"]
[SourceDate "2024.01.17"]
[SourceVersion "1"]
[SourceVersionDate "2024.01.17"]
[SourceQuality "1"]

1. d4 d5 2. c4 dxc4 3. e3 e5 4. Bxc4 exd4 5. Nf3 Bd6 6. Qb3 Qf6 7. exd4 Ne7 8. 0-0 0-0 9. Nc3 Nbc6 10. Ne4 Qg6 11. Nxd6 Qxd6 12. Bd2 a5 13. a4 Bg4 14. Ng5 Bh5 15. Qh3 Bg6 16. Rad1 Qxd4 17. Bxf7+ Rxf7 18. Nxf7 Bxf7 19. Bc3 Qf4 20. Rd3 Nd5 21. Rf3 Qd6 22. Bxg7 Kxg7 23. Rxf7+ Kxf7 24. Qxh7+ Ke6 25. Qh3+ Ke5 26. Qh5+ Kd4 27. Rc1 Qe5 28. Qd1+ Ke4 29. Qf3+ Kd4 30. Qd1+ Ke4 1/2-1/2

[Event "Titled Tuesday intern op 24th Oct Late"]
[Site "Chess.com INT"]
[Date "2023.10.24"]
[Round "8"]
[White "Dyachuk, Artem"]
[Black "Rodgers, Jack"]
[Result "0-1"]
[WhiteElo "2236"]
[BlackElo "2084"]
[PlyCount "124"]
[EventDate "2023.10.24"]
[EventType "swiss (blitz)"]
[EventRounds "11"]
[EventCountry "USA"]
[SourceTitle "Mega2024 Update 01"]
[Source "Chessbase"]
[SourceDate "2023.11.12"]
[SourceVersion "1"]
[SourceVersionDate "2023.11.12"]
[SourceQuality "1"]

1. e4 c5 2. Nf3 g6 3. c4 Bg7 4. d4 cxd4 5. Nxd4 Nc6 6. Be3 Nf6 7. Nc3 Ng4 8. Qxg4 Nxd4 9. Qd1 e5 10. Qd2 d6 11. Bh6 0-0 12. h4 Bxh6 13. Qxh6 Nc2+ 14. Kd1 Nxa1 15. Nd5 f6 16. Bd3 Be6 17. Nc3 Rc8 18. b3 Qa5 19. Kd2 b5 20. Rxa1 bxc4 21. bxc4 Bxc4 22. Bxc4+ Rxc4 23. Rc1 Rfc8 24. Qe3 Qc5 25. Qh3 Qxf2+ 26. Ne2 Rd4+ 27. Qd3 Rxd3+ 28. Kxd3 Rxc1 29. Nxc1 Qd4+ 30. Kc2 Qxe4+ 31. Kc3 Qxg2 32. Nb3 Qxa2 33. h5 Qxb3+ 34. Kxb3 gxh5 35. Kc4 h4 36. Kd5 h3 37. Kc6 h2 38. Kc7 h1Q 39. Kb8 e4 40. Kc7 e3 41. Kb8 e2 42. Kc7 f5 43. Kd8 f4 44. Kc7 f3 45. Kb8 d5 46. Kc7 d4 47. Kb8 d3 48. Kc7 d2 49. Kb8 f2 50. Kc7 h5 51. Kb8 h4 52. Kc7 h3 53. Kb8 h2 54. Kc7 a5 55. Kb8 a4 56. Kc7 a3 57. Kb8 a2 58. Kc7 Qe4 59. Kb8 Qc4 60. Kb7 d1Q 61. Kb8 Qdb3+ 62. Ka7 a1Q# 0-1

[Event "Titled Tuesday intern op 24th Oct Late"]
[Site "Chess.com INT"]
[Date "2023.10.24"]
[Round "11"]
[White "Rodgers, Jack"]
[Black "Hambleton, Aman"]
[Result "1/2-1/2"]
[WhiteElo "2084"]
[BlackElo "2420"]
[PlyCount "110"]
[EventDate "2023.10.24"]
[EventType "swiss (blitz)"]
[EventRounds "11"]
[EventCountry "USA"]
[SourceTitle "Mega2024 Update 01"]
[Source "Chessbase"]
[SourceDate "2023.11.12"]
[SourceVersion "1"]
[SourceVersionDate "2023.11.12"]
[SourceQuality "1"]

1. d4 Nf6 2. Bg5 d5 3. Bxf6 exf6 4. e3 Bd6 5. g3 c6 6. Bg2 f5 7. Ne2 Nd7 8. b3 Nf6 9. c4 Bb4+ 10. Kf1 0-0 11. a3 Ba5 12. b4 Bc7 13. c5 Ne4 14. a4 b6 15. Nbc3 bxc5 16. dxc5 Be5 17. Rc1 Ba6 18. b5 Bxc3 19. bxa6 Be5 20. Nd4 Bxd4 21. Qxd4 Rb8 22. Bxe4 fxe4 23. Kg2 Qa5 24. Rb1 Qxa6 25. Qe5 Rb7 26. h4 h6 27. h5 Rxb1 28. Rxb1 Qxa4 29. Rb7 a5 30. Ra7 Qb5 31. Qc7 Qe2 32. Qxc6 Qf3+ 33. Kg1 Qd1+ 34. Kg2 Qf3+ 35. Kg1 Qxh5 36. Rxa5 Qd1+ 37. Kg2 Qf3+ 38. Kg1 Qd1+ 39. Kg2 Qf3+ 40. Kg1 d4 41. exd4 Qd1+ 42. Kg2 Qf3+ 43. Kg1 Qd1+ 44. Kg2 Qd2 45. Ra8 Qxd4 46. Rxf8+ Kxf8 47. Qc8+ Ke7 48. c6 e3 49. Qc7+ Ke6 50. fxe3 Qe4+ 51. Kf2 Qc2+ 52. Kf3 Qd1+ 53. Kf2 Qc2+ 54. Kf3 Qd1+ 55. Kf2 Qc2+ 1/2-1/2

[Event "Titled Tuesday intern op 24th Oct Late"]
[Site "Chess.com INT"]
[Date "2023.10.24"]
[Round "9"]
[White "Rodgers, Jack"]
[Black "Klukin, Kirill"]
[Result "1-0"]
[WhiteElo "2084"]
[BlackElo "2390"]
[PlyCount "91"]
[EventDate "2023.10.24"]
[EventType "swiss (blitz)"]
[EventRounds "11"]
[EventCountry "USA"]
[SourceTitle "Mega2024 Update 01"]
[Source "Chessbase"]
[SourceDate "2023.11.12"]
[SourceVersion "1"]
[SourceVersionDate "2023.11.12"]
[SourceQuality "1"]

1. d4 Nf6 2. Bg5 e6 3. e4 d6 4. c3 Nbd7 5. Nd2 h6 6. Bxf6 Qxf6 7. Bd3 g6 8. Ne2 Bg7 9. f4 0-0 10. 0-0 b6 11. e5 Qe7 12. Ng3 Bb7 13. Qe2 c5 14. Be4 d5 15. Bd3 cxd4 16. cxd4 Qb4 17. Nf3 Rac8 18. h4 Rfd8 19. h5 Nf8 20. hxg6 fxg6 21. Rad1 Bc6 22. Kh2 Ba4 23. b3 Be8 24. Nh1 Rc3 25. Nf2 Rdc8 26. g4 a6 27. f5 exf5 28. gxf5 gxf5 29. Bxf5 Bb5 30. Bd3 Rc2 31. Qe3 Bxd3 32. Rxd3 Ne6 33. Rg1 Qe7 34. Kh1 Qf7 35. Ng4 Qh5+ 36. Nfh2 Kh8 37. Qh3 Qxh3 38. Rxh3 Ng5 39. Rh5 Ne4 40. Nxh6 Nf2+ 41. Kg2 Ng4+ 42. Kh3 Nxh6 43. Ng4 R8c3+ 44. Kh4 Kh7 45. Kg5 Rc6 46. Nf6+ 1-0

[Event "Titled Tuesday intern op 24th Oct Late"]
[Site "Chess.com INT"]
[Date "2023.10.24"]
[Round "3"]
[White "Weetik, Vjacheslav"]
[Black "Rodgers, Jack"]
[Result "1-0"]
[WhiteElo "2423"]
[BlackElo "2084"]
[PlyCount "57"]
[EventDate "2023.10.24"]
[EventType "swiss (blitz)"]
[EventRounds "11"]
[EventCountry "USA"]
[SourceTitle "Mega2024 Update 01"]
[Source "Chessbase"]
[SourceDate "2023.11.12"]
[SourceVersion "1"]
[SourceVersionDate "2023.11.12"]
[SourceQuality "1"]

1. e4 c5 2. d4 cxd4 3. c3 d3 4. c4 Nc6 5. Bxd3 g6 6. Nc3 Bg7 7. Nge2 d6 8. b3 Nf6 9. Bb2 0-0 10. 0-0 Nd7 11. Qd2 a6 12. Rad1 Re8 13. Nd5 Nb6 14. Ng3 Nxd5 15. cxd5 Ne5 16. Bb1 Nd7 17. f4 Qb6+ 18. Kh1 Bxb2 19. Qxb2 Nf6 20. h3 Rf8 21. e5 Ne8 22. Rde1 Bd7 23. f5 Bb5 24. Rf3 Rc8 25. e6 fxe6 26. fxg6 hxg6 27. Rxf8+ Kxf8 28. Qh8+ Kf7 29. dxe6# 1-0

[Event "Titled Tuesday intern op 19th Sep Late"]
[Site "Chess.com INT"]
[Date "2023.09.19"]
[Round "4"]
[White "Krzyzanowski, Marcin"]
[Black "Rodgers, Jack"]
[Result "1-0"]
[WhiteElo "2512"]
[BlackElo "2084"]
[PlyCount "135"]
[EventDate "2023.09.19"]
[EventType "swiss (blitz)"]
[EventRounds "11"]
[EventCountry "USA"]
[SourceTitle "EXT 2024"]
[Source "ChessBase"]
[SourceDate "2023.10.10"]
[SourceVersion "1"]
[SourceVersionDate "2023.10.10"]
[SourceQuality "1"]

1. e4 c5 2. Nf3 g6 3. Bc4 Bg7 4. c3 e6 5. d4 cxd4 6. Bb3 d3 7. Qxd3 Nc6 8. 0-0 Nge7 9. Rd1 0-0 10. Qd6 Qa5 11. Na3 Qh5 12. Bg5 f6 13. Be3 g5 14. h3 g4 15. hxg4 Qxg4 16. Qf4 Qh5 17. Nc4 Ng6 18. Qg3 Kh8 19. Nd6 Nce5 20. Nh2 a5 21. a4 Nf7 22. Nxc8 Raxc8 23. Rxd7 Nfe5 24. Rxb7 Rb8 25. Rxb8 Rxb8 26. Bxe6 Rxb2 27. Ng4 Rc2 28. Bd4 Qg5 29. Nxe5 Rc1+ 30. Rxc1 Qxc1+ 31. Kh2 fxe5 32. Be3 Qxc3 33. Bf5 Qc6 34. Qh3 Kg8 35. Qh5 Qf6 36. g3 Bf8 37. Bg5 Qg7 38. Qd1 Qf7 39. Qd2 Ne7 40. Bxe7 Bxe7 41. Qxa5 Qh5+ 42. Kg2 Qf7 43. Qa8+ Kg7 44. a5 Bc5 45. Qb8 Qe7 46. Qb5 Qd6 47. a6 Qd4 48. Qd7+ Qxd7 49. Bxd7 Kf6 50. f4 h6 51. Kf3 Ke7 52. Bg4 Kf6 53. Bh5 Bb6 54. Kg4 Ke6 55. Bg6 Kf6 56. Bf5 Ba7 57. Kh5 exf4 58. gxf4 Kg7 59. e5 Be3 60. Be4 Ba7 61. f5 Bd4 62. f6+ Kf7 63. Bd5+ Kf8 64. Kxh6 Be3+ 65. Kg6 Ba7 66. e6 Bc5 67. e7+ Ke8 68. Bc6# 1-0